000 00593cam a22002053a 4500
001 43941
003 PGUSA
005 20140828084012.0
008 131012s2013||||xxu|||||s|||||000 | eng d
040 _aPGUSA
_beng
042 _adc
100 1 _aIvalo, Santeri,
_d1866-1937
245 1 0 _aErämaan taistelu :
_bHistoriallinen romaani
_h[electronic resource] /
_cSanteri Ivalo
260 _bProject Gutenberg,
_c2013
506 _aPublic domain in the USA.
516 _aElectronic text
830 0 _aProject Gutenberg
_v43941
856 4 0 _uhttp://www.gutenberg.org/ebooks/43941
942 _cEB
999 _c273192
_d273192